000 00534nam a22001577a 4500
003 NUST
082 _a629.8
100 _aAli, Muhammad Tayab
_9122178
245 _aSmart Control and Automation of Mannequin /
_cMuhammad Tayab Ali
264 _aIslamabad:
_bSMME- NUST.
_c2020.
300 _a40p. ;
_bSoft Copy ,
_c30cm.
650 _aMS Robotics and Intelligent Machine Engineering
_9119486
700 _aSupervisor : Dr Yasar Ayaz
_9119961
856 _uhttp://10.250.8.41:8080/xmlui/handle/123456789/35387
942 _2ddc
_cTHE
999 _c608723
_d608723